Windows 3.1. / (Record no. 2309)
[ view plain ]
| 000 -LEADER | |
|---|---|
| fixed length control field | 00700nam a22001937a 4500 |
| 008 - FIXED-LENGTH DATA ELEMENTS--GENERAL INFORMATION | |
| fixed length control field | 120907t xxu||||| |||| 00| 0 eng d |
| 020 ## - INTERNATIONAL STANDARD BOOK NUMBER | |
| International Standard Book Number | 0256135215 |
| 050 ## - LIBRARY OF CONGRESS CALL NUMBER | |
| Classification number | QA76.76.W56 H88 |
| 100 ## - MAIN ENTRY--PERSONAL NAME | |
| Personal name | Hutchinson, Sarah E. |
| 245 ## - TITLE STATEMENT | |
| Title | Windows 3.1. / |
| Statement of responsibility, etc. | Sarah E. Hutchinson, S.C. Sawyer and G.J. Coulthard |
| 260 ## - PUBLICATION, DISTRIBUTION, ETC. | |
| Place of publication, distribution, etc. | Burr Ridge illinois: |
| Name of publisher, distributor, etc. | Irwin, |
| Date of publication, distribution, etc. | c1993. |
| 300 ## - PHYSICAL DESCRIPTION | |
| Extent | x, 184 p.: |
| Other physical details | ill.; |
| Dimensions | 27cm. |
| 500 ## - GENERAL NOTE | |
| General note | Includes index. |
| 505 ## - FORMATTED CONTENTS NOTE | |
| Formatted contents note | Contents: Fundamentals -- Working with windows -- Managing your work -- Using write and other accessory programs -- Increasing your productivity. |
| 650 ## - SUBJECT ADDED ENTRY--TOPICAL TERM | |
| Topical term following geographic name entry element | Computer science |
| 700 ## - ADDED ENTRY--PERSONAL NAME | |
| Personal name | Sawyer, Stacey C. |
| 700 ## - ADDED ENTRY--PERSONAL NAME | |
| Personal name | Coulthard, Glen J. |
| 942 ## - ADDED ENTRY ELEMENTS (KOHA) | |
| Source of classification or shelving scheme | Library of Congress Classification |
| Koha item type | Books |
| Withdrawn status | Lost status | Source of classification or shelving scheme | Damaged status | Not for loan | Home library | Current library | Shelving location | Date acquired | Total Checkouts | Full call number | Barcode | Date last seen | Price effective from | Koha item type |
|---|---|---|---|---|---|---|---|---|---|---|---|---|---|---|
| Library of Congress Classification | WISCONSIN INTERNATIONAL UNIVERSITY COLLEGE, GHANA - MAIN LIBRARY | WISCONSIN INTERNATIONAL UNIVERSITY COLLEGE, GHANA - MAIN LIBRARY | General Stacks | 07/09/2012 | QA76.76.W56 H88 | 4884/12 | 07/09/2012 | 07/09/2012 | Books |
